| 000 | 01247cam a2200361 i 4500 | ||
|---|---|---|---|
| 003 | EG-GICUC | ||
| 005 | 20260409080549.0 | ||
| 008 | 120106s2012 dcua frb i000 0 eng d | ||
| 020 |
_a9780821394755 _qalk. paper |
||
| 020 | _a9780821394762 | ||
| 040 |
_aDLC _cDLC _dDLC _dEG-GICUC _beng _erda |
||
| 043 | _aa-gs--- | ||
| 050 | 0 | 0 |
_aHV6771.G28 _bF54 2012 |
| 082 | 0 | 0 |
_a353.46 _221 |
| 092 | 0 | 4 | _221 |
| 099 | _aLaw 13 2012 | ||
| 245 | 0 | 0 |
_aFighting corruption in public services : _bchronicling Georgia's reforms. |
| 264 |
_aWashington D.C. : _bWorld Bank, _c2012. |
||
| 300 |
_axiv, 108 pages : _billustrations ; _c23 cm. |
||
| 336 |
_atext _2rdacontent |
||
| 337 |
_aComputer _2rdamedia |
||
| 338 |
_aOnline Resource _2rdacarrier |
||
| 490 | 0 | _aDirections in development | |
| 504 | _aIncludes bibliographical references. | ||
| 650 | 0 |
_aCorruption _zGeorgia (Republic) _xPrevention. |
|
| 650 | 0 |
_aOrganizational effectiveness _zGeorgia (Republic) |
|
| 650 | 0 |
_aMunicipal services _xGovernment policy _zGeorgia (Republic) |
|
| 651 | 0 |
_aGeorgia (Republic) _xPolitics and government _y21st century. |
|
| 710 | 2 | _aWorld Bank. | |
| 856 | 4 | 0 | _uhttps://fll.law.cu.edu.eg/fulltext/bks/ENGB13-00047.pdf |
| 905 | _a10 | ||
| 942 |
_2ddc _cBK _e21 _n0 |
||
| 999 |
_c69791 _d69791 |
||